[Event "Madrid ch - Semifinal A "]
[Site "Madrid ESP"]
[Date "2015.03.11"]
[Round "3.4"]
[White "Lopez De Turiso, Jose Angel"]
[Black "Ortega Ruiz, Jose Miguel"]
[Result "0-1"]
[WhiteElo "2046"]
[BlackElo "2267"]
[PlyCount "92"]
[EventDate "2015.03.09"]
[EventType "swiss"]
[EventRounds "9"]
[EventCountry "ESP"]
[Source "lmi"]
[SourceDate "2015.03.09"]

1. d4 Nf6 2. Nc3 e6 3. e4 d5 4. Bg5 Bb4 5. Nge2 dxe4 6. a3 Be7 7. Bxf6 Bxf6 8.
Nxe4 Be7 9. g3 Bd7 10. Bg2 Bc6 11. O-O Nd7 12. c4 Nb6 13. Qd3 Qd7 14. b4 a6 15.
Rab1 O-O 16. Rfd1 Rfd8 17. N2c3 f5 18. Nc5 Bxc5 19. bxc5 Bxg2 20. Kxg2 Qc6+ 21.
Qf3 Nxc4 22. Rxb7 Qxf3+ 23. Kxf3 Rab8 24. Rxb8 Rxb8 25. Kf4 Rb3 26. Rc1 Kf7 27.
d5 Kf6 28. dxe6 g5+ 29. Kf3 Kxe6 30. Ke2 Nxa3 31. Kd2 Rb2+ 32. Kd3 Rxf2 33.
Re1+ Kd7 34. Ra1 Rf3+ 35. Kd2 Nc4+ 36. Kc2 a5 37. Ra4 Rf2+ 38. Kb3 Nd2+ 39. Ka3
Rxh2 40. Nb5 Rg2 41. c6+ Kxc6 42. Nd4+ Kb6 43. Nxf5 Rf2 44. Nd4 c5 45. Ne6 c4
46. Nd4 Nb1# 0-1

[Event "Madrid ch - Semifinal A "]
[Site "Madrid ESP"]
[Date "2015.03.11"]
[Round "3.5"]
[White "Bajo Vicente, Alberto"]
[Black "Ballesteros Gonzalez, David"]
[Result "1-0"]
[WhiteElo "2046"]
[BlackElo "2192"]
[PlyCount "111"]
[EventDate "2015.03.09"]
[EventType "swiss"]
[EventRounds "9"]
[EventCountry "ESP"]
[Source "lmi"]
[SourceDate "2015.03.09"]

1. d4 Nf6 2. Bg5 d6 3. Bxf6 exf6 4. e3 f5 5. c4 Be7 6. g3 Nd7 7. Bg2 Nf6 8. Nd2
O-O 9. Ne2 c6 10. O-O d5 11. b3 Ne4 12. a3 Be6 13. cxd5 Nxd2 14. Qxd2 Bxd5 15.
Nf4 Bxg2 16. Kxg2 a5 17. Qc2 g6 18. Qc4 Rc8 19. a4 Bd6 20. Nd3 Qe7 21. Rae1
Rfd8 22. f3 Bb4 23. Nxb4 Qxb4 24. Qxb4 axb4 25. Rd1 b6 26. Rd2 c5 27. Rc1 Rd5
28. Kf2 Kf8 29. e4 fxe4 30. fxe4 Rh5 31. Kf3 Ke7 32. h4 Ke6 33. Kf4 f6 34. Rdc2
Kd6 35. Rc4 Rg8 36. a5 bxa5 37. Rxc5 Rxc5 38. Rxc5 Ra8 39. g4 Ke6 40. Rc6+ Ke7
41. d5 Ra7 42. g5 fxg5+ 43. hxg5 Kd7 44. e5 a4 45. e6+ Kd8 46. bxa4 Rb7 47. Rc2
b3 48. Rb2 Rb4+ 49. Ke5 Kc7 50. a5 Rg4 51. Rxb3 Rxg5+ 52. Kd4 Rg1 53. a6 Rd1+
54. Ke5 Re1+ 55. Kf6 Kd6 56. Ra3 1-0

[Event "Madrid ch - Semifinal A "]
[Site "Madrid ESP"]
[Date "2015.03.11"]
[Round "3.6"]
[White "Ciuro Munoz, Ricardo"]
[Black "Cervino Rossel, Cristobal"]
[Result "1/2-1/2"]
[WhiteElo "2016"]
[BlackElo "2102"]
[PlyCount "103"]
[EventDate "2015.03.09"]
[EventType "swiss"]
[EventRounds "9"]
[EventCountry "ESP"]
[Source "lmi"]
[SourceDate "2015.03.09"]

1. d4 Nf6 2. Nf3 b6 3. Bf4 Bb7 4. e3 g6 5. h3 Bg7 6. c3 O-O 7. Be2 d6 8. O-O
Nbd7 9. a4 a5 10. Bh2 Qe8 11. Na3 c6 12. Qb3 Qc8 13. Rfe1 Qc7 14. Rac1 e5 15.
c4 Ne8 16. c5 bxc5 17. dxe5 dxe5 18. Ng5 Ba6 19. Bg4 Rb8 20. Qc2 Nef6 21. Bxd7
Nxd7 22. Ne4 Qb6 23. Nc4 Bxc4 24. Qxc4 Qb4 25. b3 Qxc4 26. Rxc4 Rb4 27. Nxc5
Rxc4 28. Nxd7 Rb4 29. Nxf8 Kxf8 30. g4 Rxb3 31. Rc1 Rb4 32. Rxc6 Rxa4 33. Rc5
Ra1+ 34. Kg2 a4 35. Bxe5 Bxe5 36. Rxe5 a3 37. Ra5 a2 38. g5 Ke7 39. Ra6 Kd7 40.
Kf3 Ke7 41. Ke4 Rg1 42. Ra7+ Kd6 43. Ra6+ Ke7 44. Ra7+ Kf8 45. Rxa2 Rxg5 46.
Kf4 Rh5 47. Kg3 Kg7 48. Ra7 Rg5+ 49. Kf4 Rf5+ 50. Kg3 Rg5+ 51. Kf4 Rh5 52. Kg4
1/2-1/2

[Event "Madrid ch - Semifinal A "]
[Site "Madrid ESP"]
[Date "2015.03.11"]
[Round "3.7"]
[White "Garcia-Ruiz Fuentes, Aitor"]
[Black "Gonzalez Rivera, Eduardo"]
[Result "1-0"]
[WhiteElo "2007"]
[BlackElo "2088"]
[PlyCount "73"]
[EventDate "2015.03.09"]
[EventType "swiss"]
[EventRounds "9"]
[EventCountry "ESP"]
[Source "lmi"]
[SourceDate "2015.03.09"]

1. d4 Nf6 2. c4 g6 3. Nc3 d5 4. cxd5 Nxd5 5. e4 Nxc3 6. bxc3 Bg7 7. Nf3 c5 8.
Be3 Nc6 9. Rc1 O-O 10. d5 Ne5 11. Nxe5 Bxe5 12. Bxc5 Qa5 13. Bd4 Bxd4 14. Qxd4
Qxa2 15. Bd3 Qa5 16. h4 h5 17. O-O e6 18. c4 Qd8 19. e5 exd5 20. cxd5 Bg4 21.
d6 Rc8 22. Qxa7 Rxc1 23. Rxc1 Qxh4 24. Qxb7 Qg5 25. Re1 h4 26. Bb5 h3 27. Bf1
hxg2 28. Qxg2 Qf5 29. Bd3 Qh5 30. Qh2 Qg5 31. Qg3 Qd2 32. Re3 Qc1+ 33. Kg2 Qc8
34. e6 Bxe6 35. Bxg6 Bh3+ 36. Kh2 Qg4 37. Bf5 1-0

[Event "Madrid ch - Semifinal A "]
[Site "Madrid ESP"]
[Date "2015.03.11"]
[Round "3.8"]
[White "Blanco Sanchez, Jose Fernando"]
[Black "Roldan Garcia, Angel"]
[Result "1/2-1/2"]
[WhiteElo "2062"]
[BlackElo "1826"]
[PlyCount "55"]
[EventDate "2015.03.09"]
[EventType "swiss"]
[EventRounds "9"]
[EventCountry "ESP"]
[Source "lmi"]
[SourceDate "2015.03.09"]

1. c4 Nf6 2. Nc3 g6 3. e4 d6 4. d4 Nbd7 5. Nf3 Bg7 6. Be2 O-O 7. O-O e5 8. dxe5
dxe5 9. Qc2 c6 10. Rd1 Qe7 11. a4 Rd8 12. b3 Qe8 13. a5 Nh5 14. Na4 Nf8 15.
Rxd8 Qxd8 16. Nc5 Ne6 17. Nxe6 Bxe6 18. Ng5 Nf4 19. Bxf4 exf4 20. Nxe6 fxe6 21.
Rd1 Qxa5 22. Qd3 Qc7 23. Bg4 Re8 24. Qd7 Qxd7 25. Rxd7 b5 26. cxb5 cxb5 27.
Rxa7 b4 28. Rd7 1/2-1/2

[Event "Madrid ch - Semifinal A "]
[Site "Madrid ESP"]
[Date "2015.03.11"]
[Round "3.9"]
[White "Plazuelo Pascual, Juan"]
[Black "Pana, Dorin"]
[Result "1-0"]
[WhiteElo "2162"]
[BlackElo "1945"]
[PlyCount "109"]
[EventDate "2015.03.09"]
[EventType "swiss"]
[EventRounds "9"]
[EventCountry "ESP"]
[Source "lmi"]
[SourceDate "2015.03.09"]

1. d4 d5 2. c4 e6 3. Nc3 Nf6 4. cxd5 exd5 5. Bg5 c6 6. e3 Be7 7. Bd3 Bg4 8. Qb3
Qb6 9. Qc2 Nbd7 10. f4 h6 11. Bxf6 Nxf6 12. f5 Bd6 13. h3 Bg3+ 14. Kf1 Bh5 15.
Nge2 Bxe2+ 16. Nxe2 Bd6 17. g4 O-O-O 18. Rb1 a5 19. a3 Rde8 20. Kf2 Re7 21. b4
axb4 22. axb4 Rhe8 23. Qd2 Ne4+ 24. Bxe4 Rxe4 25. Nc3 Qd8 26. Nxe4 Qh4+ 27. Ke2
Rxe4 28. Qe1 Qg5 29. Qf2 Bf4 30. Rb3 Qe7 31. Rd1 Bg5 32. Qg3 g6 33. fxg6 fxg6
34. Rdd3 Qe6 35. b5 c5 36. dxc5 d4 37. Qd6 Qxd6 38. cxd6 Bxe3 39. Rd1 Re6 40.
Kd3 Rxd6 41. Rf1 Kc7 42. b6+ Kc8 43. Rf8+ Rd8 44. Rf6 h5 45. Rxg6 hxg4 46. hxg4
Rf8 47. Rb2 Bg1 48. Rc2+ Kb8 49. Rg7 Rf3+ 50. Kc4 Rf8 51. Kd3 Rf3+ 52. Ke4 Rf8
53. Rcc7 Re8+ 54. Kd3 Re3+ 55. Kd2 1-0

[Event "Madrid ch - Semifinal A "]
[Site "Madrid ESP"]
[Date "2015.03.11"]
[Round "3.10"]
[White "Garcia Gutierrez, Jose"]
[Black "Correas Gonzalez, Jose Ramon"]
[Result "0-1"]
[WhiteElo "1947"]
[BlackElo "2091"]
[PlyCount "100"]
[EventDate "2015.03.09"]
[EventType "swiss"]
[EventRounds "9"]
[EventCountry "ESP"]
[Source "lmi"]
[SourceDate "2015.03.09"]

1. Nf3 Nf6 2. b3 d5 3. Bb2 c5 4. g3 Nc6 5. Bg2 Qc7 6. d3 e5 7. Nbd2 Be7 8. O-O
Bg4 9. a3 Rd8 10. Qe1 O-O 11. e4 d4 12. h3 Bh5 13. Nh2 Nd7 14. g4 Bg6 15. Bc1
b5 16. Qe2 a5 17. Re1 Nb6 18. Nhf1 f6 19. Ng3 Bf7 20. Nf5 Rfe8 21. Nf1 c4 22.
bxc4 bxc4 23. N1g3 a4 24. Rf1 cxd3 25. cxd3 Na5 26. Nxe7+ Qxe7 27. Bd2 Nb3 28.
Bb4 Qc7 29. Rab1 g6 30. h4 Re6 31. h5 Kg7 32. Kh2 Rc6 33. Rbd1 Nd7 34. Qf3 Ndc5
35. Rh1 Na6 36. Rdg1 Nxb4 37. axb4 Nd2 38. Qe2 Rc2 39. g5 a3 40. gxf6+ Kxf6 41.
Bh3 Ke7 42. Qg4 a2 43. Qg5+ Ke8 44. Kg2 Qe7 45. Qh6 Nb1 46. Qg7 Be6 47. Nf5
gxf5 48. Qxe5 a1=Q 49. Rxb1 Qa2 50. Rhf1 fxe4 0-1

[Event "Madrid ch - Semifinal A "]
[Site "Madrid ESP"]
[Date "2015.03.11"]
[Round "3.11"]
[White "Camacho Casado, Demetrio"]
[Black "Rodriguez De Castro, Ayar"]
[Result "0-1"]
[WhiteElo "1916"]
[BlackElo "2090"]
[PlyCount "50"]
[EventDate "2015.03.09"]
[EventType "swiss"]
[EventRounds "9"]
[EventCountry "ESP"]
[Source "lmi"]
[SourceDate "2015.03.09"]

1. d4 d5 2. Nf3 Nf6 3. Bf4 Bf5 4. e3 e6 5. c4 c6 6. Nc3 Be7 7. h3 O-O 8. Qb3
Qc8 9. Be2 Nbd7 10. O-O dxc4 11. Bxc4 b5 12. Be2 a6 13. Nh4 Bg6 14. Nxg6 hxg6
15. Bf3 Qb7 16. Rac1 Rac8 17. Ne2 Qb6 18. Nc3 c5 19. Qd1 Rfd8 20. d5 exd5 21.
Nxd5 Nxd5 22. Qxd5 Qf6 23. Qb7 c4 24. Bc7 Nc5 25. Qa7 Rd7 0-1

[Event "Madrid ch - Semifinal A "]
[Site "Madrid ESP"]
[Date "2015.03.11"]
[Round "3.12"]
[White "Rueda Maria, Ramiro"]
[Black "Tejedor Ariza, Francisco"]
[Result "0-1"]
[WhiteElo "1903"]
[BlackElo "2032"]
[PlyCount "110"]
[EventDate "2015.03.09"]
[EventType "swiss"]
[EventRounds "9"]
[EventCountry "ESP"]
[Source "lmi"]
[SourceDate "2015.03.09"]

1. c4 Nf6 2. Nf3 e6 3. d4 d5 4. Nc3 b6 5. Bg5 Be7 6. e3 O-O 7. Bd3 dxc4 8. Bxc4
Bb7 9. O-O Nc6 10. Rc1 Nd5 11. Bxe7 Ncxe7 12. Bd3 Ng6 13. Nxd5 Bxd5 14. Qc2 Rc8
15. Be4 c5 16. Bxd5 Qxd5 17. Qa4 cxd4 18. Nxd4 Nh4 19. f3 Qg5 20. Rc2 Rxc2 21.
Qxc2 Qxe3+ 22. Qf2 Qxf2+ 23. Kxf2 Rd8 24. Rc1 h6 25. Nb3 Rd7 26. Rc8+ Kh7 27.
g3 Ng6 28. Ke2 Ne5 29. Rc3 Kg6 30. Nd2 f6 31. a3 Kf7 32. b3 Ke7 33. a4 Nf7 34.
Nc4 Nd6 35. Nxd6 Rxd6 36. Rc8 Rd7 37. Rc6 Rb7 38. b4 Kd7 39. Rc2 Rc7 40. Rd2+
Ke7 41. b5 e5 42. Ra2 Kd6 43. Rd2+ Ke6 44. Ra2 Rc5 45. Kd2 f5 46. Ra3 e4 47. h4
Rc4 48. fxe4 Rxe4 49. a5 Rb4 50. axb6 axb6 51. Ra7 Kf6 52. Rd7 Rxb5 53. h5 Rb3
54. Rd6+ Kf7 55. Rd5 Ke6 0-1

[Event "Madrid ch - Semifinal A "]
[Site "Madrid ESP"]
[Date "2015.03.11"]
[Round "3.13"]
[White "Andalon Gomez, Carlos J"]
[Black "Fernandez Aransay, Fernando"]
[Result "0-1"]
[WhiteElo "2022"]
[BlackElo "1896"]
[PlyCount "108"]
[EventDate "2015.03.09"]
[EventType "swiss"]
[EventRounds "9"]
[EventCountry "ESP"]
[Source "lmi"]
[SourceDate "2015.03.09"]

1. d4 d5 2. c4 e6 3. Nc3 Nf6 4. Bg5 Be7 5. e3 O-O 6. Nf3 Nbd7 7. Rc1 b6 8. cxd5
exd5 9. Bb5 Bb7 10. O-O c6 11. Ba4 c5 12. dxc5 bxc5 13. Qe2 Nb6 14. Rfd1 Qc8
15. Bb5 Qe6 16. a4 a6 17. Bd3 Rfd8 18. a5 Nbd7 19. Bb1 Rac8 20. Ba2 Ne5 21.
Nxe5 Qxe5 22. Bf4 Qf5 23. Na4 Bc6 24. Nb6 Bb5 25. Nxc8 Qxc8 26. Qf3 c4 27. Be5
Ne4 28. Bb1 f6 29. Bc3 Nxc3 30. Rxc3 Bb4 31. Rcc1 Qe6 32. Rd4 Bxa5 33. Bf5 Qe5
34. Rcd1 g6 35. Bc2 Bc6 36. Be4 Kg7 37. Bxd5 Bb6 38. Bxc6 Bxd4 39. exd4 Rxd4
40. Rb1 Rd2 41. Ba4 Rxb2 42. Rd1 Rd2 43. Rc1 Qb2 44. Re1 Qb4 45. Qe3 Ra2 46.
Bc6 c3 47. Qa7+ Kh6 48. Qe3+ Kg7 49. Rd1 Rd2 50. Rc1 Qd6 51. Bf3 c2 52. Qb3 Qd4
53. Qe3 Rd1+ 54. Bxd1 cxd1=Q+ 0-1

[Event "Madrid ch - Semifinal A "]
[Site "Madrid ESP"]
[Date "2015.03.11"]
[Round "3.14"]
[White "Lopez Heras, Arturo"]
[Black "Pinel Mirasierra, Jose Pablo"]
[Result "0-1"]
[WhiteElo "1873"]
[BlackElo "2021"]
[PlyCount "78"]
[EventDate "2015.03.09"]
[EventType "swiss"]
[EventRounds "9"]
[EventCountry "ESP"]
[Source "lmi"]
[SourceDate "2015.03.09"]

1. d4 d5 2. c4 e6 3. e3 Nf6 4. Nc3 a6 5. cxd5 exd5 6. Bd3 Bd6 7. Nf3 Nbd7 8.
O-O O-O 9. h3 c5 10. Bd2 Re8 11. Rc1 cxd4 12. Nxd4 Nc5 13. Bb1 Bd7 14. Nf5 Bf8
15. Qf3 Nce4 16. Nxe4 dxe4 17. Nh6+ gxh6 18. Qg3+ Bg7 19. Bc3 Nh5 20. Qh2 Qb8
21. Qh1 Bxc3 22. Rxc3 Qe5 23. Rd1 Bc6 24. Rdc1 Rad8 25. Qh2 Rd2 26. Qxe5 Rxe5
27. b4 Nf6 28. a3 Red5 29. R3c2 Rxc2 30. Bxc2 Rd2 31. Bb3 Nd7 32. a4 Ne5 33. b5
axb5 34. axb5 Bd7 35. Rc5 Rb2 36. Ba4 Nd3 37. Rd5 Be6 38. Rd8+ Kg7 39. Rb8 Ra2
0-1

[Event "Madrid ch - Semifinal A "]
[Site "Madrid ESP"]
[Date "2015.03.11"]
[Round "3.15"]
[White "Corral Aragon, Juan Maria"]
[Black "Lorenzo Bailador, Alfredo"]
[Result "0-1"]
[WhiteElo "1830"]
[BlackElo "1998"]
[PlyCount "126"]
[EventDate "2015.03.09"]
[EventType "swiss"]
[EventRounds "9"]
[EventCountry "ESP"]
[Source "lmi"]
[SourceDate "2015.03.09"]

1. e4 e5 2. Nf3 Nc6 3. Bb5 a6 4. Ba4 Nf6 5. O-O Nxe4 6. d4 b5 7. Bb3 d5 8. dxe5
Be6 9. c3 Bc5 10. Nd4 Nxe5 11. Nxe6 fxe6 12. Qh5+ Nf7 13. Be3 Qd6 14. Nd2 Nf6
15. Bxc5 Nxh5 16. Bxd6 cxd6 17. Rfe1 Kd7 18. a4 Nf6 19. Nf3 Ne4 20. Rad1 Nc5
21. Bc2 bxa4 22. Ra1 Rhb8 23. Reb1 Rb6 24. Bxa4+ Nxa4 25. Rxa4 Rab8 26. b4 Rc8
27. Ra3 Rbc6 28. Rbb3 e5 29. h3 h6 30. Nh4 Ke6 31. g4 Ng5 32. Kg2 Ne4 33. Nf5
g6 34. Nxh6 Rh8 35. g5 Nxg5 36. Ng4 Nxh3 37. Ne3 Nf4+ 38. Kg1 Rhc8 39. Kh2 Rh8+
40. Kg3 Rh3+ 41. Kg4 Rh2 42. Kg3 Rh3+ 43. Kg4 Rh2 44. Kg3 Rh8 45. Ng2 Nxg2 46.
Kxg2 Kf5 47. Ra5 Ke6 48. Rba3 Rhc8 49. Rxa6 Rxa6 50. Rxa6 Rxc3 51. b5 Rb3 52.
Rb6 d4 53. Kf1 Kd5 54. Ke2 Rb2+ 55. Kd1 Rxf2 56. Kc1 Rf8 57. Rb7 g5 58. b6 g4
59. Rg7 Rb8 60. b7 g3 61. Rxg3 Rxb7 62. Kc2 Ra7 63. Kb2 Rc7 0-1

[Event "Madrid ch - Semifinal A "]
[Site "Madrid ESP"]
[Date "2015.03.11"]
[Round "3.16"]
[White "Rottenwohrer Suarez, Juan"]
[Black "Gil Sierra, Jacinto"]
[Result "1/2-1/2"]
[WhiteElo "1640"]
[BlackElo "1972"]
[PlyCount "69"]
[EventDate "2015.03.09"]
[EventType "swiss"]
[EventRounds "9"]
[EventCountry "ESP"]
[Source "lmi"]
[SourceDate "2015.03.09"]

1. Nf3 d5 2. c4 d4 3. b4 e6 4. b5 Nf6 5. Bb2 c5 6. e3 dxe3 7. fxe3 b6 8. Be2
Bb7 9. O-O Bd6 10. Nc3 e5 11. Nd5 Nbd7 12. Nxf6+ gxf6 13. Nh4 Qc7 14. Bg4 Rg8
15. d3 e4 16. Bxd7+ Qxd7 17. dxe4 Bxe4 18. g3 f5 19. Qh5 Bxg3 20. hxg3 Rxg3+
21. Kf2 Rh3 22. Rad1 Qe7 23. Rg1 Qxh4+ 24. Qxh4 Rxh4 25. Bf6 Rg4 26. Rxg4 fxg4
27. Kg3 h5 28. Kf4 Bc2 29. Rd2 Bg6 30. Rd6 Bb1 31. Rd5 Bxa2 32. Re5+ Kd7 33.
Re7+ Kd6 34. e4 Bxc4 35. e5+ 1/2-1/2

[Event "Madrid ch - Semifinal A "]
[Site "Madrid ESP"]
[Date "2015.03.11"]
[Round "3.17"]
[White "Marin Aso, Jose Luis"]
[Black "Ronco Garcia, Jose Luis"]
[Result "1-0"]
[WhiteElo "2073"]
[BlackElo "1962"]
[PlyCount "67"]
[EventDate "2015.03.09"]
[EventType "swiss"]
[EventRounds "9"]
[EventCountry "ESP"]
[Source "lmi"]
[SourceDate "2015.03.09"]

1. e4 g6 2. d4 Bg7 3. Nc3 d6 4. Nf3 Nf6 5. Be2 O-O 6. O-O c6 7. a4 Nbd7 8. Be3
Ng4 9. Bg5 h6 10. Bh4 a5 11. h3 Ngf6 12. e5 dxe5 13. dxe5 Nh5 14. e6 fxe6 15.
Bc4 Nb6 16. Qe2 Nf4 17. Qe4 Nxc4 18. Qxc4 g5 19. Bg3 Bxc3 20. Bxf4 Bxb2 21.
Rad1 Qe8 22. Be5 Bxe5 23. Nxe5 Rf4 24. Qd3 c5 25. Qd8 Qxd8 26. Rxd8+ Kg7 27.
Rfd1 Rxa4 28. Nd7 Bxd7 29. Rxa8 Bc6 30. c4 Rxc4 31. Rxa5 b5 32. Ra7 Kf6 33. Ra6
Bd5 34. Rxd5 1-0

[Event "Madrid ch - Semifinal A "]
[Site "Madrid ESP"]
[Date "2015.03.11"]
[Round "3.18"]
[White "Tereso Martin, Antonio"]
[Black "Camarero Izquierdo, Juan Carlos"]
[Result "1-0"]
[WhiteElo "2033"]
[BlackElo "1888"]
[PlyCount "83"]
[EventDate "2015.03.09"]
[EventType "swiss"]
[EventRounds "9"]
[EventCountry "ESP"]
[Source "lmi"]
[SourceDate "2015.03.09"]

1. e4 c5 2. Nf3 d6 3. Bb5+ Nd7 4. d4 cxd4 5. Qxd4 e5 6. Qd3 a6 7. Bc4 Be7 8.
Qd5 Nc5 9. Qxf7+ Kd7 10. b4 Na4 11. Bb3 b5 12. Qd5 Nb6 13. Nxe5+ Kc7 14. Qc6+
Kb8 15. Nf7 Bd7 16. Nxd8 Bxc6 17. Nxc6+ Kc7 18. Nxe7 Nxe7 19. Bb2 d5 20. Be5+
Kd7 21. Nc3 Nc6 22. Bxg7 Rhg8 23. exd5 Rae8+ 24. Kf1 Nxb4 25. Bd4 Nc8 26. a3
Rg4 27. Rd1 Nxc2 28. Bxc2 Nd6 29. h3 Rf4 30. g3 Rff8 31. Kg2 Nc4 32. Bxh7 Nxa3
33. Bc5 Nc4 34. Bxf8 Rxf8 35. Bd3 Nd6 36. Ne4 Nxe4 37. Bxe4 Kd6 38. Ra1 Ra8 39.
Bd3 Kc5 40. Rhc1+ Kb6 41. Rc6+ Kb7 42. Re1 1-0

[Event "Madrid ch - Semifinal A "]
[Site "Madrid ESP"]
[Date "2015.03.11"]
[Round "3.20"]
[White "Alvarez Abejon, Amilcar"]
[Black "Perea Blanco, David"]
[Result "1-0"]
[WhiteElo "2106"]
[BlackElo "1914"]
[PlyCount "113"]
[EventDate "2015.03.09"]
[EventType "swiss"]
[EventRounds "9"]
[EventCountry "ESP"]
[Source "lmi"]
[SourceDate "2015.03.09"]

1. e4 e5 2. Nf3 Nc6 3. Bb5 a6 4. Ba4 Nf6 5. d3 b5 6. Bb3 Be7 7. O-O d6 8. a4
Na5 9. axb5 axb5 10. Nc3 Bd7 11. Nd5 Nxd5 12. Bxd5 c6 13. Ba2 c5 14. h3 Nc6 15.
Bd2 O-O 16. c3 Kh8 17. Bd5 f5 18. Rxa8 Qxa8 19. Qa1 fxe4 20. dxe4 Qc8 21. Nh2
Be6 22. Qa2 c4 23. Ra1 Bxd5 24. exd5 Nd8 25. Qa6 Qc5 26. Be3 Qxd5 27. Nf3 Nc6
28. Qb7 Bd8 29. Ra8 Ne7 30. Qa7 Ng6 31. Bg5 Be7 32. Rb8 Rxb8 33. Qxb8+ Bf8 34.
Nh4 Qf7 35. Nxg6+ hxg6 36. Qxb5 d5 37. Qb8 Qf5 38. Be7 Kg8 39. Bxf8 Qxf8 40.
Qxe5 Qc5 41. Qd4 Qb5 42. Kh2 Kh7 43. Qd2 Qb8+ 44. f4 g5 45. Kg3 gxf4+ 46. Qxf4
Qxb2 47. Qf5+ Kh8 48. Qh5+ Kg8 49. Qxd5+ Kh8 50. Qxc4 Qd2 51. Qd4 Qg5+ 52. Kh2
Qe7 53. c4 Qc7+ 54. Kg1 Qb8 55. c5 Qb1+ 56. Kh2 Kg8 57. Qd6 1-0

[Event "Madrid ch - Semifinal A "]
[Site "Madrid ESP"]
[Date "2015.03.11"]
[Round "3.21"]
[White "Martos De La Vega, Alvar"]
[Black "Morera Rodriguez, Ignacio"]
[Result "1-0"]
[WhiteElo "1984"]
[BlackElo "1887"]
[PlyCount "97"]
[EventDate "2015.03.09"]
[EventType "swiss"]
[EventRounds "9"]
[EventCountry "ESP"]
[Source "lmi"]
[SourceDate "2015.03.09"]

1. d4 Nf6 2. c4 g6 3. Nc3 d5 4. cxd5 Nxd5 5. e4 Nxc3 6. bxc3 Bg7 7. Nf3 O-O 8.
Be2 c5 9. O-O Nc6 10. Be3 cxd4 11. cxd4 Qa5 12. d5 Ne5 13. Nxe5 Bxe5 14. Bd4
Bxd4 15. Qxd4 Rd8 16. Bc4 b5 17. Bb3 Bb7 18. Qe5 Rd7 19. Rac1 Qb6 20. Rfd1 a5
21. a4 b4 22. Qf4 Rad8 23. Rd3 Kg7 24. Rh3 h5 25. g4 Rh8 26. gxh5 Rh6 27. Rf3
f6 28. hxg6 Qd6 29. Qxd6 exd6 30. Rg3 Rxg6 31. Kg2 Rxg3+ 32. hxg3 Kg6 33. g4
Re7 34. f3 Kg5 35. Kg3 Kg6 36. Bd1 Rh7 37. Be2 Re7 38. Bb5 Rg7 39. Be8+ Kh7 40.
Kf4 Re7 41. Bb5 Kg7 42. Kf5 Re5+ 43. Kf4 Re7 44. g5 fxg5+ 45. Kxg5 Rf7 46. f4
Re7 47. f5 Rf7 48. Be8 Rf8 49. f6+ 1-0

[Event "Madrid ch - Semifinal A "]
[Site "Madrid ESP"]
[Date "2015.03.11"]
[Round "3.22"]
[White "Martin Martin, Luis Vicente"]
[Black "Perez Cameselle, Francisco"]
[Result "0-1"]
[WhiteElo "1970"]
[BlackElo "1862"]
[PlyCount "108"]
[EventDate "2015.03.09"]
[EventType "swiss"]
[EventRounds "9"]
[EventCountry "ESP"]
[Source "lmi"]
[SourceDate "2015.03.09"]

1. d4 Nf6 2. Bf4 e6 3. e3 Be7 4. Nd2 O-O 5. Bd3 d5 6. Ngf3 b6 7. Ne5 Bb7 8. Qf3
Nbd7 9. Qh3 c5 10. c3 Rc8 11. g4 g6 12. Qf3 Nxe5 13. dxe5 Nd7 14. h4 f6 15.
exf6 Bxf6 16. g5 Bg7 17. Qh3 e5 18. Bg3 Qe7 19. h5 e4 20. hxg6 hxg6 21. Be2 Ne5
22. O-O-O Rcd8 23. Nxe4 dxe4 24. Qh7+ Kf7 25. Bxe5 Qxe5 26. Rh6 Rxd1+ 27. Bxd1
Qxg5 28. Rxg6 Qxg6 29. Bh5 Qxh5 30. Qxh5+ Kg8 31. Qh4 Re8 32. Qf4 Rf8 33. Qc7
Bd5 34. Kc2 Rxf2+ 35. Kb1 Rf1+ 36. Kc2 Rf2+ 37. Kb1 Bc4 38. Qxa7 Bd3+ 39. Kc1
Rc2+ 40. Kd1 Rxb2 41. Qb8+ Kh7 42. Qd8 Rb1+ 43. Kd2 Rb2+ 44. Kd1 Bxc3 45. Qd7+
Kg6 46. Qg4+ Kf7 47. Qd7+ Kg6 48. Qg4+ Kf6 49. Qf4+ Ke6 50. Qg4+ Kd5 51. Qg8+
Kc6 52. Qe8+ Kb7 53. Qd7+ Ka6 54. Qa4+ Ba5 0-1

[Event "Madrid ch - Semifinal A "]
[Site "Madrid ESP"]
[Date "2015.03.11"]
[Round "3.23"]
[White "Perez Agusti, Luis"]
[Black "Jimenez Gonzalez, Marcos"]
[Result "1/2-1/2"]
[WhiteElo "1928"]
[BlackElo "1851"]
[PlyCount "131"]
[EventDate "2015.03.09"]
[EventType "swiss"]
[EventRounds "9"]
[EventCountry "ESP"]
[Source "lmi"]
[SourceDate "2015.03.09"]

1. d4 Nf6 2. Nf3 d5 3. c4 c6 4. Bg5 Ne4 5. Bf4 Qa5+ 6. Bd2 Nxd2 7. Qxd2 Qxd2+
8. Nbxd2 e6 9. e3 Nd7 10. Bd3 Bd6 11. O-O-O O-O 12. e4 dxe4 13. Nxe4 Be7 14.
Rhe1 Nf6 15. Kc2 Nxe4 16. Bxe4 Bf6 17. Ne5 Rd8 18. f4 Bd7 19. a4 Be8 20. Rd3
Rac8 21. b4 c5 22. dxc5 Bxa4+ 23. Kc3 Rxd3+ 24. Bxd3 Bc6 25. Re2 a6 26. Kc2
Bxe5 27. fxe5 Kf8 28. Kc3 Ke7 29. b5 axb5 30. cxb5 Bd5 31. Kb4 Ra8 32. Rb2 Kd7
33. Rd2 Ra2 34. Rxa2 Bxa2 35. Bxh7 Bd5 36. g4 g5 37. Ka5 Kc7 38. Bg8 Bf3 39. h3
Bd5 40. Bxf7 Ba2 41. Kb4 b6 42. c6 Bd5 43. Kc3 Ba2 44. Kd4 Bd5 45. Bg8 Kd8 46.
Ke3 Bc4 47. h4 gxh4 48. Kf2 Bxb5 49. Bxe6 Bxc6 50. Kg1 Ke7 51. Bb3 Bd7 52. g5
Bf5 53. Bd5 b5 54. Kf2 b4 55. Ke3 Be6 56. Be4 Kf7 57. Kd4 h3 58. Kd3 h2 59. Kd4
b3 60. Kc3 Kg7 61. Kb2 Kf8 62. Kc3 Ke7 63. Kb2 Bg8 64. Bg2 Bc4 65. Kc3 Ke6 66.
g6 1/2-1/2

[Event "Madrid ch - Semifinal A "]
[Site "Madrid ESP"]
[Date "2015.03.16"]
[Round "4.1"]
[White "Pastor Alonso De Prado, Alberto"]
[Black "Suarez Uriel, Adrian"]
[Result "1-0"]
[WhiteElo "2131"]
[BlackElo "2243"]
[PlyCount "51"]
[EventDate "2015.03.09"]
[EventType "swiss"]
[EventRounds "9"]
[EventCountry "ESP"]
[Source "lmi"]
[SourceDate "2015.03.09"]

1. e4 d6 2. d4 Nf6 3. Nc3 e5 4. Nf3 Nbd7 5. Bc4 Be7 6. O-O O-O 7. Re1 Nb6 8.
dxe5 Nxc4 9. exf6 Bxf6 10. Qd3 Be6 11. b3 Nb6 12. Bf4 Re8 13. a4 a5 14. Rad1
Nd7 15. Nd4 Nc5 16. Qf3 Bd7 17. Nd5 Be5 18. Re3 c6 19. Nc3 g6 20. Qg3 Qf6 21.
Bxe5 dxe5 22. Nde2 Rad8 23. Nc1 h5 24. f3 Ne6 25. Red3 Nf4 26. Rxd7 1-0

[Event "Madrid ch - Semifinal A "]
[Site "Madrid ESP"]
[Date "2015.03.16"]
[Round "4.2"]
[White "Spitzer Isbert, Ramon"]
[Black "Bajo Vicente, Alberto"]
[Result "0-1"]
[WhiteElo "2011"]
[BlackElo "2046"]
[PlyCount "63"]
[EventDate "2015.03.09"]
[EventType "swiss"]
[EventRounds "9"]
[EventCountry "ESP"]
[Source "lmi"]
[SourceDate "2015.03.09"]

1. e4 c6 2. d4 d5 3. Nd2 dxe4 4. Nxe4 Nd7 5. Nf3 Ngf6 6. Ng3 e6 7. Bd3 Be7 8.
O-O O-O 9. Re1 c5 10. dxc5 Nxc5 11. Bc4 a6 12. Ne5 Qc7 13. Qf3 b5 14. Qxa8 Bb7
15. Qxf8+ Kxf8 16. Bf4 Bd6 17. Rad1 Nd5 18. Bxd5 Bxd5 19. b4 Na4 20. Nf5 Kg8
21. Nxd6 Qxd6 22. Ng6 Qd8 23. Rxd5 exd5 24. Bc7 Qa8 25. Ne7+ Kh8 26. Nf5 h6 27.
Nd6 Qc6 28. Re8+ Kh7 29. Re7 Qxc2 30. g3 d4 31. Rxf7 d3 32. Ne8 0-1